000 00371nam a22001217a 4500
082 _a343.0924
_bAll
_cL-32, p-9
245 _aThe electricity act, 1910
_bAll Pakistan legal decisions
260 _aLahore
_bAll Pakistan legal decisons
_c1910
300 _a51 p, :
_bill, ;
_c20 cm.
_eMCE
526 _a0
_b0
_c0
_d343_092400000000000_ALL
650 _aMCE
_9379
942 _2ddc
_cBK
999 _c542531
_d542531